Подробности
| 000 -МАРКЕР |
| контрольное поле |
01508nam0a2200385 4500 |
| 001 - ИДЕНТИФИКАТОР ЗАПИСИ |
| контрольное поле |
RU\NLR\bibl\1827941 |
| 005 - ИДЕНТИФИКАТОР ВЕРСИИ |
| контрольное поле |
20260406095440.0 |
| 010 ## - МЕЖДУНАРОДНЫЙ СТАНДАРТНЫЙ НОМЕР КНИГИ (ISBN) |
| Номер (ISBN) |
978-5-7475-0133-1 |
| 021 ## - НОМЕР ГОСУДАРСТВЕННОЙ РЕГИСТРАЦИИ |
| Код страны |
российская федерация |
| Номер |
2011-2746и |
| Номер Листа государственной регистраци |
372и |
| 021 ## - НОМЕР ГОСУДАРСТВЕННОЙ РЕГИСТРАЦИИ |
| Код страны |
российская федерация |
| Номер |
2012-50и |
| Номер Листа государственной регистраци |
18и |
| 035 ## - ДРУГИЕ СИСТЕМНЫЕ НОМЕРА |
| Идентификатор записи |
(NLR Aleph) 001818461 |
| 100 ## - ДАННЫЕ ОБЩЕЙ ОБРАБОТКИ |
| Данные общей обработки |
20111101d2011 u y0rusy50 ca |
| 101 0# - ЯЗЫК РЕСУРСА |
| Язык текста, звукозаписи и т.д. |
русский |
| 102 ## - СТРАНА ПУБЛИКАЦИИ ИЛИ ПРОИЗВОДСТВА |
| Страна публикации |
российская федерация |
| 105 ## - ПОЛЕ КОДИРОВАННЫХ ДАННЫХ: ТЕКСТОВЫЕ МАТЕРИАЛЫ, МОНОГРАФИЧЕСКИЕ |
| Кодированные данные о монографическом текстовом документе |
ac ||||||||| |
| 200 1# - ЗАГЛАВИЕ И СВЕДЕНИЯ ОБ ОТВЕТСТВЕННОСТИ |
| Основное заглавие |
Школа А.Г. Венецианова |
| Первые сведения об ответственности |
[авт. текста: И. Кравченко] |
| 210 ## - ПУБЛИКАЦИЯ, РАСПРОСТРАНЕНИЕ И ДР. |
| Место издания, распространения и т.д. |
Москва |
| Имя издателя, распространителя и т. д. |
Директ-Медиа |
| -- |
Комсомольская правда |
| Дата издания, распространения и т.д. |
2011 |
| 215 ## - ФИЗИЧЕСКАЯ ХАРАКТЕРИСТИКА |
| Специфическое обозначение материала и объем |
48 с. |
| Другие сведения о физической характеристике |
цв. ил., портр. |
| Размеры |
32 |
| 225 1# - СЕРИЯ |
| Основное заглавие серии |
Великие художники |
| Обозначение тома |
т. 98 |
| 300 ## - ОБЩИЕ ПРИМЕЧАНИЯ |
| Текст примечания |
Загл. обл.: Дейнека |
| 300 ## - ОБЩИЕ ПРИМЕЧАНИЯ |
| Текст примечания |
Авт. указан на обороте тит. л. |
| 512 1# - ЗАГЛАВИЕ ОБЛОЖКИ |
| Заглавие обложки |
Дейнека |
| 600 #1 - ИМЯ ЛИЦА КАК ПРЕДМЕТ |
| Начальный элемент ввода |
Венецианов |
| Часть имени, кроме начального элемента ввода |
А.Г. |
| Даты |
1780 - 1847 |
| Расширение инициалов личного имени |
Алексей Гаврилович |
| Системный номер авторитетной/нормативной записи |
1062473 |
| Идентификатор авторитетной/нормативной записи |
RU\NLR\auth\66412484 |
| 606 1# - НАИМЕНОВАНИЕ ТЕМЫ КАК ПРЕДМЕТ |
| Наименование темы |
Живопись русская |
| Хронологический подзаголовок |
19 в. |
| Системный номер авторитетной/нормативной записи |
919991 |
| Идентификатор авторитетной/нормативной записи |
RU\NLR\auth\6618129 |
| 686 ## - ИНДЕКСЫ ДРУГИХ КЛАССИФИКАЦИЙ |
| Индекс |
Щ143(2Р=Рус)5-8Венецианов |
| 686 ## - ИНДЕКСЫ ДРУГИХ КЛАССИФИКАЦИЙ |
| Индекс |
Щ143(2Р=Рус)5 |
| 700 #1 - ИМЯ ЛИЦА - ПЕРВИЧНАЯ ОТВЕТСТВЕННОСТЬ |
| Начальный элемент ввода |
Кравченко |
| Часть имени, кроме начального элемента ввода |
И. |
| Код отношения |
Автор |
| 702 #1 - ИМЯ ЛИЦА - ВТОРИЧНАЯ ОТВЕТСТВЕННОСТЬ |
| Код отношения |
Автор |
| Графика поля |
Кириллица |
| Материалы, к которым относится поле |
rus |
| Начальный элемент ввода |
Венецианов |
| Часть имени, кроме начального элемента ввода |
А. Г. |
| Даты |
1780-1847 |
| Расширение инициалов личного имени |
Алексей Гаврилович |
| Идентификатор авторитетной/нормативной записи |
RU\NLR\AUTH\770287869 |
| Системный номер авторитетной/нормативной записи |
2690371 |
| 801 #0 - ИСТОЧНИК ЗАПИСИ |
| Страна |
российская федерация |
| Организация |
NLR |
| Дата составления |
20111101 |
| Правила каталогизации |
RCR |
| 801 #1 - ИСТОЧНИК ЗАПИСИ |
| Страна |
российская федерация |
| Организация |
NLR |
| Дата составления |
20111101 |
| 942 ## - ДОПОЛНИТЕЛЬНЫЕ ЭЛЕМЕНТЫ ЗАПИСИ (АБИС) |
| Тип экземпляра АБИС |
Книга |
| 980 ## - КОЛЛЕКЦИЯ |
| Название коллекции |
Национальная библиография |
| 980 ## - КОЛЛЕКЦИЯ |
| Название коллекции |
НБР |